000 00335 a2200157 4500
001 174000
020 _a
040 _cMagnum
100 _aCoutinho, Maria Tereza da Cunha
240 1 0 _aPsicologia da educacao
_lpor
245 1 0 _aPsicologia da educacao
362 0 _a1899
440 1 _aLĂȘ
697 _aPSICOLOGIA
942 _cBK
999 _c174000
_d174000